[Event "ch-city A"]
[Site "Warszawa"]
[Date "2013.05.15"]
[Round "5.13"]
[White "Sujkowski, Pawel"]
[Black "Gluszko, Monika"]
[Result "1/2-1/2"]
[WhiteElo "1956"]
[BlackElo "1914"]
[PlyCount "61"]
[EventDate "2013.05.11"]
[EventType "swiss"]
[EventRounds "9"]
[EventCountry "POL"]

1. c4 e5 2. Nc3 Nf6 3. e4 g6 4. Nf3 Bg7 5. Be2 O-O 6. O-O Re8 7. d3 c6 8. Bg5
h6 9. Bxf6 Qxf6 10. Ne1 Na6 11. Bg4 Nc7 12. Rb1 Qg5 13. Qf3 Rf8 14. Qg3 f5 15.
Bh3 Qf6 16. f3 Ne6 17. Qf2 Nf4 18. Ne2 Nxh3+ 19. gxh3 d6 20. Qg2 fxe4 21. dxe4
Qe6 22. b3 g5 23. Rd1 Rf6 24. Qg4 Qf7 25. Qg3 h5 26. Nc2 Qe6 27. h4 gxh4 28.
Qxh4 Qh3 29. Qxh3 Bxh3 30. Rf2 Raf8 31. Rd3 $11 1/2-1/2

[Event "ch-city A"]
[Site "Warszawa"]
[Date "2013.05.15"]
[Round "5.14"]
[White "Kaliszewski, Tomasz"]
[Black "Harazinska, Ewa"]
[Result "0-1"]
[WhiteElo "2010"]
[BlackElo "2070"]
[PlyCount "64"]
[EventDate "2013.05.11"]
[EventType "swiss"]
[EventRounds "9"]
[EventCountry "POL"]

1. e4 c5 2. Nf3 d6 3. d4 cxd4 4. Qxd4 Nc6 5. Bb5 Bd7 6. Bxc6 Bxc6 7. Nc3 Nf6 8.
Bg5 e6 9. O-O-O Be7 10. Rhe1 Qa5 11. Kb1 O-O 12. Qd2 Qb6 13. Nd4 Rfd8 14. f3 a5
15. g4 Qa6 16. Nce2 h6 17. Bxh6 gxh6 18. Qxh6 Nh7 19. Nxe6 fxe6 20. Qxe6+ Kf8
21. Nf4 Bf6 22. g5 Bxg5 23. Qf5+ Kg8 24. Rg1 Qb5 25. Qe6+ Kh8 26. Ng6+ Kg7 27.
Ne7 Qe5 28. Qg6+ Kh8 29. Nxc6 bxc6 30. c3 Rab8 31. Ka1 Bf6 32. Rd4 Rg8 0-1

[Event "ch-city A"]
[Site "Warszawa"]
[Date "2013.05.15"]
[Round "5.16"]
[White "Piotrowski, Arkadiusz"]
[Black "Bielecki, Pawel"]
[Result "1/2-1/2"]
[WhiteElo "1971"]
[BlackElo "1983"]
[PlyCount "203"]
[EventDate "2013.05.11"]
[EventType "swiss"]
[EventRounds "9"]
[EventCountry "POL"]

1. d4 Nf6 2. Nf3 g6 3. Nc3 d5 4. Bf4 Bg7 5. h3 O-O 6. e3 c5 7. Be2 Qb6 8. Rb1
Bf5 9. O-O Nc6 10. Na4 Qa5 11. Nxc5 Qxa2 12. Qc1 Qa5 13. Nxb7 Qb6 14. Nc5 Nb4
15. Ne1 Ne4 16. g4 e5 17. Nxe4 Bxe4 18. dxe5 Rac8 19. Bd1 d4 20. Qd2 Rfd8 21.
Qe2 d3 22. cxd3 Nxd3 23. Bc2 Nc5 24. Bxe4 Nxe4 25. Nf3 Nc5 26. Rfc1 a5 27. Rd1
Bf8 28. Ng5 Qb3 29. Rd4 Na4 30. Rxd8 Rxd8 31. Ra1 Bb4 32. Rb1 Nc3 33. bxc3
Qxb1+ 34. Kh2 Bxc3 35. Qc4 Qb7 36. Qxc3 h6 37. Nxf7 Kxf7 38. Qxa5 Rd1 39. e6+
Kxe6 40. Qe5+ Kf7 41. e4 Re1 42. Bxh6 Qxe4 43. Qxe4 Rxe4 44. Be3 Ra4 45. Kg3
Ke6 46. h4 Ra5 47. f3 Ra4 48. Bf4 Ra5 49. Be3 Ra4 50. Bg5 Ra5 51. Be3 Ra4 52.
Kf2 Ra2+ 53. Kg3 Ra4 54. f4 Ra5 55. Kf3 Ra4 56. Kg3 Ra3 57. Kf3 Ra4 58. Bf2 Rb4
59. Be3 Ra4 60. Ke2 Ra3 61. Kf2 Ra2+ 62. Kg3 Ra3 63. Kf3 Ra4 64. Kg2 Ra2+ 65.
Bf2 Ra3 66. Bg3 Ra2+ 67. Kh3 Ra5 68. Bf2 Ra3+ 69. Kg2 Ra4 70. Be3 Ra5 71. Kf3
Ra4 $11 72. Bb6 Ra3+ 73. Ke4 Ra4+ 74. Bd4 Ra5 75. h5 gxh5 76. f5+ Kf7 77. gxh5
Ra6 78. Kf4 Ra4 79. Ke4 Ra6 80. Kf3 Ra3+ 81. Kf4 Ra4 82. Ke4 Ra6 83. Kf4 Ra4
84. Ke5 Ra5+ 85. Ke4 Ra6 86. Be3 Ra4+ 87. Ke5 Rh4 88. h6 Rh1 89. Ke4 Rh4+ 90.
Ke5 Rh3 91. Bf4 Rh1 92. Bg5 Rh3 93. Kf4 Rh1 94. Kg4 Rg1+ 95. Kh5 Rh1+ 96. Bh4
Rg1 97. f6 Kg8 98. Bg5 Kh7 99. Bf4 Rh1+ 100. Kg5 Rxh6 101. f7 Kg7 102. f8=B+
1/2-1/2

[Event "ch-city A"]
[Site "Warszawa"]
[Date "2013.05.15"]
[Round "5.17"]
[White "Goslawski, Michal"]
[Black "Gorecki, Andrzej"]
[Result "1-0"]
[WhiteElo "2149"]
[BlackElo "2093"]
[PlyCount "36"]
[EventDate "2013.05.11"]
[EventType "swiss"]
[EventRounds "9"]
[EventCountry "POL"]

1. d4 Nf6 2. Nf3 g6 3. c4 Bg7 4. Nc3 O-O 5. e4 d6 6. Be2 e5 7. O-O Nc6 8. d5
Ne7 9. b4 a5 10. bxa5 Rxa5 11. Nd2 Nd7 12. Nb3 Ra8 13. Be3 f5 14. f3 b6 15. a4
f4 16. Bf2 g5 17. a5 h5 18. axb6 cxb6 1-0

[Event "ch-city A"]
[Site "Warszawa"]
[Date "2013.05.16"]
[Round "6.1"]
[White "Spicak, Krzysztof"]
[Black "Przedmojski, Rafal"]
[Result "0-1"]
[WhiteElo "1923"]
[BlackElo "2359"]
[PlyCount "92"]
[EventDate "2013.05.11"]
[EventType "swiss"]
[EventRounds "9"]
[EventCountry "POL"]

1. d4 d5 2. c4 c6 3. Nc3 Nf6 4. e3 e6 5. Bd3 Nbd7 6. Nf3 dxc4 7. Bxc4 b5 8. Bd3
Bb7 9. O-O a6 10. b3 c5 11. Bb2 Be7 12. Rc1 O-O 13. Qe2 Bxf3 14. Qxf3 cxd4 15.
exd4 Rb8 16. Rfd1 Nb6 17. Ne4 Nbd5 18. Bb1 Qd7 19. Nc5 Qa7 20. Nd3 Rfc8 21. Ne5
Qb7 22. g4 Bd6 23. g5 Bxe5 24. dxe5 Ne8 25. Be4 Rxc1 26. Rxc1 Rd8 27. Rd1 g6
28. h4 Ng7 29. Qf6 Rd7 30. Rc1 Nh5 31. Bxd5 Rxd5 32. Qf3 b4 33. Rc4 Ng7 34. Bd4
Nf5 35. Bc5 a5 36. Bd6 Qa6 37. Bc7 Kg7 38. h5 gxh5 39. Qxh5 Rd2 40. g6 hxg6 41.
Qg5 Rd1+ 42. Kg2 Qa8+ 43. f3 Rd3 44. Rf4 Rd2+ 45. Kf1 Qc6 46. Qf6+ Kg8 0-1

[Event "ch-city A"]
[Site "Warszawa"]
[Date "2013.05.16"]
[Round "6.2"]
[White "Janczarski, Michal"]
[Black "Nurkiewicz, Maciej"]
[Result "1/2-1/2"]
[WhiteElo "2346"]
[BlackElo "2379"]
[PlyCount "45"]
[EventDate "2013.05.11"]
[EventType "swiss"]
[EventRounds "9"]
[EventCountry "POL"]

1. c4 Nf6 2. Nc3 g6 3. d4 d5 4. Nf3 Bg7 5. Bf4 O-O 6. Rc1 dxc4 7. e4 Nh5 8. Be3
Bg4 9. Bxc4 Bxf3 10. gxf3 e5 11. dxe5 Bxe5 12. Qxd8 Rxd8 13. Ne2 Nc6 14. O-O
Bxb2 15. Rb1 Ne5 16. Rxb2 Nxc4 17. Rxb7 Nxe3 18. fxe3 Rd2 19. Nc3 c6 20. Rc7
Rd3 21. Rxc6 Rxe3 22. Nd5 Ra3 23. Rf2 $11 1/2-1/2

[Event "ch-city A"]
[Site "Warszawa"]
[Date "2013.05.16"]
[Round "6.4"]
[White "Maciaga, Marcin"]
[Black "Adamski, Andrzej"]
[Result "1-0"]
[WhiteElo "2208"]
[BlackElo "2270"]
[PlyCount "61"]
[EventDate "2013.05.11"]
[EventType "swiss"]
[EventRounds "9"]
[EventCountry "POL"]

1. d4 g6 2. c4 Bg7 3. Nf3 d6 4. g3 Nf6 5. Nc3 c6 6. Bg2 O-O 7. O-O Qa5 8. e4
Nbd7 9. h3 Qb4 10. Qe2 Nb6 11. Nd2 Na4 12. Nxa4 Qxa4 13. Nf3 Nd7 14. Be3 e5 15.
b3 Qa6 16. Qd2 b5 17. Rac1 exd4 18. Nxd4 bxc4 19. Nxc6 Ne5 20. Ne7+ Kh8 21. f4
Qb7 22. fxe5 Qxe7 23. exd6 Qe5 24. Rxc4 Ba6 25. Rc5 Qe6 26. Rfc1 Rad8 27. e5 f6
28. exf6 Bxf6 29. Bf4 Rfe8 30. h4 Qg4 31. Re1 1-0

[Event "ch-city A"]
[Site "Warszawa"]
[Date "2013.05.16"]
[Round "6.5"]
[White "Deszczynski, Adam"]
[Black "Eggink, Ryszard"]
[Result "1-0"]
[WhiteElo "2371"]
[BlackElo "2087"]
[PlyCount "55"]
[EventDate "2013.05.11"]
[EventType "swiss"]
[EventRounds "9"]
[EventCountry "POL"]

1. e4 c5 2. Nf3 d6 3. d4 cxd4 4. Qxd4 Nf6 5. Nc3 e5 6. Bb5+ Nbd7 7. Qd3 h6 8.
Be3 Be7 9. O-O O-O 10. Ba4 a6 11. Bb3 Qc7 12. Nh4 Kh7 13. Nf5 Nc5 14. Bxc5 dxc5
15. Nd5 Nxd5 16. Bxd5 Bxf5 17. exf5 Bf6 18. a4 a5 19. Qc4 Rad8 20. Rad1 Rd7 21.
Rd3 Rfd8 22. Rfd1 e4 23. Qxe4 Bd4 24. Be6 Rd6 25. c3 Be5 26. Bd5 Bxh2+ 27. Kh1
f6 28. g3 1-0

[Event "ch-city A"]
[Site "Warszawa"]
[Date "2013.05.16"]
[Round "6.6"]
[White "Rudolf, Michal"]
[Black "Nowicki, Bartosz"]
[Result "1-0"]
[WhiteElo "2364"]
[BlackElo "2173"]
[PlyCount "55"]
[EventDate "2013.05.11"]
[EventType "swiss"]
[EventRounds "9"]
[EventCountry "POL"]

1. e4 c5 2. c3 d6 3. d4 Nf6 4. Bd3 Nbd7 5. Nf3 Qc7 6. O-O g6 7. Re1 e5 8. Na3
a6 9. Bg5 Bg7 10. Nc4 O-O 11. a4 b6 12. dxe5 dxe5 13. Bc2 Bb7 14. Qd6 Qxd6 15.
Nxd6 Bc6 16. Bb3 h6 17. Bh4 Ra7 18. Bg3 Nh5 19. Nh4 Nxg3 20. hxg3 g5 21. Ng6
Nf6 22. Nxf8 Bxf8 23. Nc4 Nd7 24. f3 Kg7 25. Red1 Rc7 26. Nd6 Nf6 27. Bc4 Ra7
28. Nc8 1-0

[Event "ch-city A"]
[Site "Warszawa"]
[Date "2013.05.16"]
[Round "6.7"]
[White "Jarmula, Lukasz"]
[Black "Nowak, Lukasz"]
[Result "1-0"]
[WhiteElo "2250"]
[BlackElo "1897"]
[PlyCount "53"]
[EventDate "2013.05.11"]
[EventType "swiss"]
[EventRounds "9"]
[EventCountry "POL"]

1. d4 Nf6 2. c4 e6 3. Nc3 Bb4 4. f3 d5 5. a3 Bxc3+ 6. bxc3 c5 7. cxd5 Nxd5 8.
dxc5 Qa5 9. e4 Nf6 10. Be3 O-O 11. Kf2 Nfd7 12. Rb1 b6 13. Bb5 Nxc5 14. Ne2 a6
15. Bc4 Nbd7 16. Qd6 Na4 17. Rb4 b5 18. Bb3 Nab6 19. Rd1 Rb8 20. Qg3 Re8 21.
Bh6 g6 22. h4 Bb7 23. h5 Rbd8 24. hxg6 hxg6 25. Bg5 Nc4 26. Bxd8 Rxd8 27. Bxc4
1-0

[Event "ch-city A"]
[Site "Warszawa"]
[Date "2013.05.16"]
[Round "6.8"]
[White "Leks, Maria"]
[Black "Kowalska, Elzbieta"]
[Result "1-0"]
[WhiteElo "2091"]
[BlackElo "1891"]
[PlyCount "73"]
[EventDate "2013.05.11"]
[EventType "swiss"]
[EventRounds "9"]
[EventCountry "POL"]

1. e4 c5 2. c4 Nc6 3. Ne2 g6 4. d4 cxd4 5. Nxd4 Bg7 6. Be3 Nf6 7. Nc3 d6 8. Be2
O-O 9. O-O Bd7 10. f3 Ne5 11. Qd2 Rc8 12. b3 b6 13. Rfc1 Nc6 14. Rab1 Nxd4 15.
Bxd4 Ne8 16. Be3 Nc7 17. a4 Ne6 18. Nd5 Nc5 19. Bd1 Nb7 20. b4 e6 21. Nf4 Bh6
22. Ra1 f5 23. exf5 Rxf5 24. Bc2 Rf7 25. Be4 d5 26. cxd5 Rxc1+ 27. Rxc1 e5 28.
Nd3 Bxe3+ 29. Qxe3 Bxa4 30. Nxe5 Re7 31. Nc6 Bxc6 32. dxc6 Nd6 33. Qd4 Qc7 34.
Bd5+ Nf7 35. Qf6 b5 36. Rd1 Re8 37. Be6 1-0

[Event "ch-city A"]
[Site "Warszawa"]
[Date "2013.05.16"]
[Round "6.9"]
[White "Harazinska, Ewa"]
[Black "Malec, Sebastian"]
[Result "1/2-1/2"]
[WhiteElo "2070"]
[BlackElo "2170"]
[PlyCount "43"]
[EventDate "2013.05.11"]
[EventType "swiss"]
[EventRounds "9"]
[EventCountry "POL"]

1. d4 Nf6 2. c4 g6 3. Nc3 d5 4. Nf3 Bg7 5. cxd5 Nxd5 6. e4 Nxc3 7. bxc3 c5 8.
Be3 O-O 9. Rc1 b6 10. d5 Bg4 11. c4 Qd6 12. Be2 Nd7 13. Nd2 Bxe2 14. Qxe2 e5
15. O-O f5 16. f3 f4 17. Bf2 g5 18. a4 a5 19. g4 Qg6 20. Nb1 Rf6 21. Nc3 Bf8
22. Nb5 1/2-1/2

[Event "ch-city A"]
[Site "Warszawa"]
[Date "2013.05.16"]
[Round "6.10"]
[White "Borowy, Cezary"]
[Black "Sadowski, Miroslaw"]
[Result "1-0"]
[WhiteElo "1842"]
[BlackElo "2148"]
[PlyCount "83"]
[EventDate "2013.05.11"]
[EventType "swiss"]
[EventRounds "9"]
[EventCountry "POL"]

1. Nf3 Nf6 2. g3 g6 3. Bg2 Bg7 4. O-O O-O 5. c4 d6 6. Nc3 Nc6 7. d3 e5 8. Rb1
a5 9. a3 Bg4 10. h3 Bd7 11. Bg5 h6 12. Bxf6 Bxf6 13. b4 axb4 14. axb4 Bg7 15.
b5 Ne7 16. Qb3 Be6 17. Nd2 c6 18. Ra1 d5 19. Rxa8 Qxa8 20. cxd5 cxd5 21. Nxd5
Nxd5 22. Bxd5 Bxh3 23. Rc1 Qa7 24. b6 Qa5 25. Ne4 Kh7 26. Bxf7 Qa8 27. Be6 Bf5
28. Bxf5 gxf5 29. Nd6 Rf6 30. Nc8 f4 31. Qd5 fxg3 32. Qe4+ Kh8 33. Ne7 gxf2+
34. Kf1 Bf8 35. Qxe5 Bxe7 36. Qxe7 Rf8 37. Qe5+ Kg8 38. Qe6+ Kh8 39. Qxh6+ Kg8
40. Qg5+ Kh8 41. Qe5+ Kg8 42. Rc4 1-0

[Event "ch-city A"]
[Site "Warszawa"]
[Date "2013.05.16"]
[Round "6.11"]
[White "Kielar, Maciej"]
[Black "Kasperkiewicz, Pawel"]
[Result "1-0"]
[WhiteElo "2121"]
[BlackElo "2108"]
[PlyCount "55"]
[EventDate "2013.05.11"]
[EventType "swiss"]
[EventRounds "9"]
[EventCountry "POL"]

1. g3 Nf6 2. Bg2 c6 3. e4 e5 4. d4 d6 5. Nc3 Nbd7 6. f4 exd4 7. Qxd4 Qb6 8. Nf3
Be7 9. O-O O-O 10. Kh1 Qxd4 11. Nxd4 Re8 12. b3 Bf8 13. Bb2 Nc5 14. Rae1 Ne6
15. Rd1 Nxd4 16. Rxd4 Be6 17. h3 Rad8 18. g4 h6 19. Rfd1 Bc8 20. e5 Bxg4 21.
hxg4 Nxg4 22. R4d2 Ne3 23. Re1 Nxg2 24. Kxg2 dxe5 25. Rxd8 Rxd8 26. fxe5 Bc5
27. Ne4 Bd4 28. Rd1 1-0

[Event "ch-city A"]
[Site "Warszawa"]
[Date "2013.05.16"]
[Round "6.12"]
[White "Kuciel, Wladyslaw"]
[Black "Jarmula, Pawel"]
[Result "1/2-1/2"]
[WhiteElo "2006"]
[BlackElo "2190"]
[PlyCount "60"]
[EventDate "2013.05.11"]
[EventType "swiss"]
[EventRounds "9"]
[EventCountry "POL"]

1. d4 d5 2. Nf3 Nf6 3. c4 c6 4. Nc3 e6 5. b3 Nbd7 6. e3 Bd6 7. Bd3 O-O 8. O-O
b6 9. Bb2 Bb7 10. Qe2 c5 11. cxd5 exd5 12. Ba6 Qc8 13. Bxb7 Qxb7 14. dxc5 bxc5
15. Rfd1 Rfd8 16. Qb5 Nb6 17. Na4 Ne4 18. Nd2 Nxd2 19. Rxd2 Qc7 20. Rc1 Nxa4
21. Qxa4 Bxh2+ 22. Kh1 Be5 23. Bxe5 Qxe5 24. Rxc5 Rd6 25. Rdc2 Qh5+ 26. Kg1
Qd1+ 27. Kh2 Rh6+ 28. Kg3 Rg6+ 29. Kh2 Qh5+ 30. Kg1 Qd1+ 1/2-1/2

[Event "ch-city A"]
[Site "Warszawa"]
[Date "2013.05.16"]
[Round "6.13"]
[White "Gluszko, Monika"]
[Black "Liberadzki, Slawomir"]
[Result "0-1"]
[WhiteElo "1914"]
[BlackElo "2073"]
[PlyCount "66"]
[EventDate "2013.05.11"]
[EventType "swiss"]
[EventRounds "9"]
[EventCountry "POL"]

1. d4 Nf6 2. c4 e5 3. dxe5 Ng4 4. e4 Nxe5 5. f4 Ng6 6. Nc3 Bb4 7. Qc2 Qe7 8.
Bd2 Bxc3 9. Bxc3 f5 10. O-O-O fxe4 11. f5 Ne5 12. Qxe4 d6 13. Nf3 Nbc6 14. Re1
Bd7 15. Nxe5 dxe5 16. Bd3 O-O-O 17. Bxe5 Nxe5 18. Qxe5 Qf7 19. g4 Bc6 20. Rhf1
Rxd3 21. Qe6+ Qd7 22. g5 Re8 23. Qxd7+ Kxd7 24. f6 gxf6 25. gxf6 Rxe1+ 26. Rxe1
Rf3 27. Re7+ Kd6 28. Rxh7 Rxf6 29. h4 Be4 30. Rh8 Rf2 31. h5 Rc2+ 32. Kd1 Rxb2
33. h6 Rh2 0-1

[Event "ch-city A"]
[Site "Warszawa"]
[Date "2013.05.16"]
[Round "6.14"]
[White "Bielecki, Pawel"]
[Black "Sujkowski, Pawel"]
[Result "1-0"]
[WhiteElo "1983"]
[BlackElo "1956"]
[PlyCount "99"]
[EventDate "2013.05.11"]
[EventType "swiss"]
[EventRounds "9"]
[EventCountry "POL"]

1. e4 e6 2. d4 d5 3. e5 c5 4. c3 Nc6 5. Nf3 Qb6 6. a3 Nh6 7. Bd3 Bd7 8. dxc5
Bxc5 9. O-O a5 10. a4 Qc7 11. Qe2 Nf5 12. Na3 h6 13. Nb5 Qd8 14. Bxf5 exf5 15.
Be3 Be7 16. Rad1 Be6 17. c4 O-O 18. c5 f4 19. Bxf4 Bxc5 20. Nd6 Bxd6 21. exd6
Qf6 $11 22. Bg3 Rad8 23. Rfe1 Rd7 24. Qd2 Ra8 25. Re3 Ra6 26. Rb3 Qd8 27. Rb5
Na7 28. Rc5 Nc6 29. Rdc1 Ra8 30. Nd4 Nxd4 31. Qxd4 Qg5 32. h4 Qf5 33. Qc3 Qg4
34. Rxa5 Rxa5 35. Qxa5 d4 36. Qd2 Bf5 37. Rc4 Qg6 38. Rxd4 Be4 39. b4 Bf5 40.
a5 Be6 41. Qd3 Qh5 42. b5 Qc5 43. a6 bxa6 44. bxa6 Qa5 45. Kh2 Qb6 46. Ra4 Ra7
47. Qa3 Bc8 48. Rb4 Qxa6 49. Qxa6 Rxa6 50. Rb8 1-0

[Event "ch-city A"]
[Site "Warszawa"]
[Date "2013.05.16"]
[Round "6.15"]
[White "Kubeczko, Grzegorz"]
[Black "Piotrowski, Arkadiusz"]
[Result "0-1"]
[WhiteElo "2036"]
[BlackElo "1971"]
[PlyCount "104"]
[EventDate "2013.05.11"]
[EventType "swiss"]
[EventRounds "9"]
[EventCountry "POL"]

1. c4 e5 2. g3 Nf6 3. Bg2 d5 4. cxd5 Nxd5 5. Nc3 Nb6 6. Nf3 Nc6 7. O-O Be7 8.
a3 O-O 9. b4 a6 10. d3 f5 11. Be3 Bf6 12. Rc1 Be6 13. Nd2 Nd5 14. Na4 Nxe3 15.
fxe3 Bg5 16. Nc5 Bxe3+ 17. Kh1 Bd5 18. h3 Nd4 19. Rb1 b6 20. Ncb3 Nb5 21. Nc4
Nc3 22. Qc2 Nxb1 23. Nxe3 Bxg2+ 24. Kxg2 Nxa3 25. Qa2 Nb5 26. Nd4+ Kh8 27. Ne6
Qd7 28. Nxf8 Rxf8 29. Qxa6 Qc6+ 30. Kh2 Ra8 31. Rxf5 h6 32. Qxa8+ Qxa8 33. Rxe5
Nd6 34. Nd5 Qf8 35. Nf4 Qf6 36. h4 Kg8 37. Re6 Qf7 38. h5 Ne8 39. Re5 Nf6 40.
Kh3 Qd7+ 41. Kg2 Qc6+ 42. Kg1 Qd6 43. Re6 Qxb4 44. e4 Qe1+ 45. Kg2 Qd2+ 46. Kh3
Qd1 47. Kg2 Nxh5 48. Nd5 Qe2+ 49. Kg1 Qxd3 50. Re8+ Kh7 51. Re7 Qxg3+ 52. Kh1
Qf2 0-1

[Event "ch-city A"]
[Site "Warszawa"]
[Date "2013.05.16"]
[Round "6.16"]
[White "Gorecki, Andrzej"]
[Black "Kaliszewski, Tomasz"]
[Result "0-1"]
[WhiteElo "2093"]
[BlackElo "2010"]
[PlyCount "84"]
[EventDate "2013.05.11"]
[EventType "swiss"]
[EventRounds "9"]
[EventCountry "POL"]

1. d4 Nf6 2. c4 e6 3. Nc3 Bb4 4. a3 Bxc3+ 5. bxc3 c5 6. f3 d5 7. cxd5 exd5 8.
e3 O-O 9. Bd3 b6 10. Ne2 Ba6 11. O-O Re8 12. Ng3 Bxd3 13. Qxd3 Nbd7 14. e4 dxe4
15. fxe4 cxd4 16. Bg5 Nc5 17. Qf3 dxc3 18. Rad1 Qe7 19. Qxc3 Ncxe4 20. Nxe4
Nxe4 21. Bxe7 Nxc3 22. Rd7 f6 23. Rf3 Nd5 24. Bb4 Red8 25. Rb7 a5 26. Rg3 g6
27. Bd2 Rab8 28. Ra7 Re8 29. Rd3 Re7 30. Rxe7 Nxe7 31. Rd7 Kf7 32. Bf4 Rc8 33.
Rb7 Rc6 34. Bc7 Ke6 35. Bxb6 Rc1+ 36. Kf2 Rb1 37. Rb8 Rb2+ 38. Kf1 Nc6 39. Rb7
a4 40. h4 h5 41. Kg1 Ne5 42. Rb8 Nc4 0-1

[Event "ch-city A"]
[Site "Warszawa"]
[Date "2013.05.17"]
[Round "7.1"]
[White "Przedmojski, Rafal"]
[Black "Maciaga, Marcin"]
[Result "1-0"]
[WhiteElo "2359"]
[BlackElo "2208"]
[PlyCount "77"]
[EventDate "2013.05.11"]
[EventType "swiss"]
[EventRounds "9"]
[EventCountry "POL"]

1. d4 Nf6 2. c4 g6 3. Nc3 d5 4. Nf3 Bg7 5. Bg5 Ne4 6. Bh4 Nxc3 7. bxc3 dxc4 8.
Qa4+ Qd7 9. Qxc4 b6 10. Bg3 c5 11. Ne5 Bxe5 12. Bxe5 Ba6 13. Qb3 O-O 14. e3
Bxf1 15. Kxf1 Nc6 16. Bg3 Na5 17. Qd1 cxd4 18. cxd4 Rac8 19. Kg1 Qf5 20. h3 Rc2
21. Kh2 Rfc8 22. Re1 Qb5 23. Qf3 Qc4 24. Qe4 Kf8 25. Qh4 h5 26. Qg5 Rxa2 27. d5
Rxa1 28. Rxa1 Qc5 29. e4 Kg7 30. Bf4 Qxf2 31. Qh6+ Kg8 32. Be5 f6 33. Qxg6+ Kf8
34. Bg3 Qd4 35. Bf4 e5 36. Qxf6+ Ke8 37. Qe6+ Kd8 38. Bxe5 Qf2 39. Bf6+ 1-0

[Event "ch-city A"]
[Site "Warszawa"]
[Date "2013.05.17"]
[Round "7.2"]
[White "Janczarski, Michal"]
[Black "Deszczynski, Adam"]
[Result "1-0"]
[WhiteElo "2346"]
[BlackElo "2371"]
[PlyCount "91"]
[EventDate "2013.05.11"]
[EventType "swiss"]
[EventRounds "9"]
[EventCountry "POL"]

1. d4 d5 2. c4 e6 3. Nc3 Nf6 4. cxd5 exd5 5. Bg5 Be7 6. e3 c6 7. Bd3 Bg4 8.
Nge2 Bh5 9. O-O Bg6 10. Bxf6 Bxf6 11. b4 a6 12. a4 Nd7 13. Nf4 O-O 14. Nxg6
hxg6 15. b5 axb5 16. axb5 Qe7 17. Qb3 Qd6 18. Rfc1 Be7 19. g3 Rfc8 20. Bf1 Qe6
21. Bg2 Nf6 22. Rxa8 Rxa8 23. bxc6 bxc6 24. Qb7 Ra5 25. Ne2 c5 26. Qc7 Ra8 27.
Qb7 Ra5 28. Qc7 Ra6 29. Nf4 Qd7 30. Nxd5 Qxc7 31. Nxc7 Ra7 32. Nb5 Ra5 33. Bc6
cxd4 34. exd4 Kf8 35. d5 Ne4 36. Re1 f5 37. Re2 Bc5 38. Kg2 Ra1 39. Rc2 Ke7 40.
d6+ Bxd6 41. Re2 Rd1 42. Bxe4 fxe4 43. Nc3 Rd3 44. Nxe4 Kf7 45. Ng5+ Kf8 46.
Re6 1-0

[Event "ch-city A"]
[Site "Warszawa"]
[Date "2013.05.17"]
[Round "7.4"]
[White "Strzemiecki, Zbigniew"]
[Black "Spicak, Krzysztof"]
[Result "1-0"]
[WhiteElo "2443"]
[BlackElo "1923"]
[PlyCount "115"]
[EventDate "2013.05.11"]
[EventType "swiss"]
[EventRounds "9"]
[EventCountry "POL"]

1. e4 c5 2. Nf3 Nc6 3. Bb5 g6 4. Bxc6 dxc6 5. Nc3 Bg7 6. h3 e5 7. d3 Ne7 8. O-O
O-O 9. Be3 b6 10. Qd2 Ba6 11. b3 f5 12. Bh6 Qd6 13. Bxg7 Kxg7 14. exf5 gxf5 15.
Rfe1 Ng6 16. Ne2 Rad8 17. Qc3 Kg8 18. Ng3 Rde8 19. h4 f4 20. Ne4 Qd5 21. h5 Nh8
22. Nxe5 Qxe5 23. Qxe5 Rxe5 24. Nf6+ Rxf6 25. Rxe5 Bc8 26. Re8+ Rf8 27. Re7 Bg4
28. Rxa7 Bxh5 29. Rb7 f3 30. Rxb6 fxg2 31. Kxg2 Bf3+ 32. Kh2 Ng6 33. Rg1 Kg7
34. Rb7+ Kh6 35. Rg3 Bh5 36. Kg2 Nh4+ 37. Kf1 Nf5 38. Rh3 Kg6 39. a4 h6 40. Rc7
Rf6 41. Rc8 Bd1 42. a5 Bxc2 43. a6 Rf7 44. Rxc6+ Kg7 45. Rxc5 Bxb3 46. a7 Rxa7
47. Rxf5 Ra1+ 48. Ke2 Ra2+ 49. Ke3 Be6 50. Rg3+ Kh7 51. Rf6 Bb3 52. Rh3 Bd1 53.
Rhxh6+ Kg7 54. Rhg6+ Kh7 55. Rg1 Re2+ 56. Kd4 Bc2 57. Rf4 Re6 58. Rh4+ 1-0

[Event "ch-city A"]
[Site "Warszawa"]
[Date "2013.05.17"]
[Round "7.5"]
[White "Nurkiewicz, Maciej"]
[Black "Jarmula, Lukasz"]
[Result "1/2-1/2"]
[WhiteElo "2379"]
[BlackElo "2250"]
[PlyCount "54"]
[EventDate "2013.05.11"]
[EventType "swiss"]
[EventRounds "9"]
[EventCountry "POL"]

1. e4 c5 2. Nf3 d6 3. d4 cxd4 4. Nxd4 Nf6 5. Nc3 a6 6. Be3 e5 7. Nb3 Be7 8. f3
Be6 9. Qd2 O-O 10. O-O-O a5 11. Bb5 Na6 12. Qe2 Qb8 13. Bb6 Nb4 14. a3 a4 15.
Nxa4 Rc8 16. Nc3 Bxb3 17. axb4 d5 18. cxb3 Bxb4 19. Kb1 Rxc3 20. bxc3 Bxc3 21.
Ba4 Qd6 22. Qd3 Qb4 23. Rc1 d4 24. Qb5 Qa3 25. Rxc3 dxc3 26. Qe2 Qb4 27. Qb5
Qa3 1/2-1/2

[Event "ch-city A"]
[Site "Warszawa"]
[Date "2013.05.17"]
[Round "7.6"]
[White "Leks, Maria"]
[Black "Borowy, Cezary"]
[Result "1-0"]
[WhiteElo "2091"]
[BlackElo "1842"]
[PlyCount "95"]
[EventDate "2013.05.11"]
[EventType "swiss"]
[EventRounds "9"]
[EventCountry "POL"]

1. e4 d5 2. exd5 Qxd5 3. Nc3 Qa5 4. d4 Nf6 5. Bc4 Bg4 6. Nf3 Nc6 7. Bb5 O-O-O
8. Bxc6 bxc6 9. h3 Qh5 10. Qe2 Kb7 11. Be3 Bxf3 12. gxf3 e6 13. O-O-O Bb4 14.
Rd3 Qa5 15. a3 Bxc3 16. Rxc3 Nd5 17. Rc5 Qa4 18. Qd2 Ka8 19. c4 Nb6 20. Qc3 Qa6
21. Rxc6 Qb7 22. d5 exd5 23. cxd5 Nxd5 24. Qc4 Nxe3 25. fxe3 Rhe8 26. e4 Rd7
27. Rh2 Red8 28. Kb1 Rd1+ 29. Ka2 R1d2 30. Rxd2 Rxd2 31. Qc3 Rxb2+ 32. Qxb2
Qxc6 33. Qxg7 Qc4+ 34. Ka1 Qb3 35. Qh8+ Kb7 36. Qb2 Qxb2+ 37. Kxb2 Kc6 38. Kc2
Kd6 39. f4 Kc5 40. Kc3 f6 $11 41. h4 h5 42. Kd3 a5 43. Kc3 Kb5 44. Kd4 c5+ 45.
Kd5 c4 46. Kd4 Ka4 47. Kxc4 f5 48. exf5 1-0

[Event "ch-city A"]
[Site "Warszawa"]
[Date "2013.05.17"]
[Round "7.7"]
[White "Adamski, Andrzej"]
[Black "Liberadzki, Slawomir"]
[Result "1-0"]
[WhiteElo "2270"]
[BlackElo "2073"]
[PlyCount "97"]
[EventDate "2013.05.11"]
[EventType "swiss"]
[EventRounds "9"]
[EventCountry "POL"]

1. e4 c5 2. c3 Nf6 3. e5 Nd5 4. d4 cxd4 5. Nf3 e6 6. cxd4 d6 7. Nc3 Bd7 8. Bd3
Bc6 9. O-O Nd7 10. Re1 Be7 11. Ne4 dxe5 12. dxe5 Nc5 13. Nxc5 Bxc5 14. a3 a5
15. Qe2 Qb6 16. Rb1 a4 17. Bd2 Nc7 18. Ng5 O-O-O 19. Rf1 Rd7 20. Bc3 Rhd8 $11
21. Bc4 Nb5 22. Ne4 Bxe4 23. Qxe4 Nxc3 24. bxc3 Qc7 25. Bb5 Rd2 26. Qf3 b6 27.
Qe4 g6 28. Bxa4 Ra2 29. Rbd1 Rdd2 30. Bb5 Qb7 31. Bc6 Qa7 32. Rxd2 Rxd2 33. Bb5
Qb7 34. Qa4 Kb8 35. Bc6 Qa7 36. Qf4 Ra2 37. a4 Qc7 38. Be8 Qd8 39. Bb5 Qc7 40.
h4 h5 41. Kh1 Qd8 42. Kg1 Qe7 43. Bc6 Kc7 44. Bf3 Qd7 45. Qe4 Qd5 46. Qf4 Qd7
47. Rd1 Bxf2+ 48. Kf1 Qxa4 49. Qxf7+ 1-0

[Event "ch-city A"]
[Site "Warszawa"]
[Date "2013.05.17"]
[Round "7.8"]
[White "Nowicki, Bartosz"]
[Black "Harazinska, Ewa"]
[Result "1-0"]
[WhiteElo "2173"]
[BlackElo "2070"]
[PlyCount "71"]
[EventDate "2013.05.11"]
[EventType "swiss"]
[EventRounds "9"]
[EventCountry "POL"]

1. e4 c5 2. Nf3 d6 3. d4 cxd4 4. Nxd4 Nf6 5. Nc3 a6 6. Be2 e6 7. O-O Be7 8. a4
Nc6 9. Be3 O-O 10. f4 Qc7 11. Kh1 Re8 12. Bf3 Bf8 13. g4 Nxd4 14. Bxd4 e5 15.
fxe5 dxe5 16. Be3 Be6 17. g5 Rad8 18. Qe2 Nd7 19. Bh5 g6 20. Bg4 Bc5 21. Bxe6
fxe6 22. Nd1 Qc6 23. Nf2 Rf8 24. Rad1 Kg7 25. Rd2 Bxe3 26. Qxe3 Qxa4 27. Rfd1
Rf7 28. Qh3 Qc6 29. c3 Qc4 30. b3 Qxb3 31. Ng4 Qa4 32. Nf6 Kh8 33. Qxe6 Rxf6
34. gxf6 Qxe4+ 35. Kg1 Qe3+ 36. Rf2 1-0